00705nam a2200217Ia 450000500170000000800410001704000190005804100120007708200170008910000210010624500940012726000320022130000120025350400500026565000180031565100140033385000100034794200070035799900170036495201060038120230722094922.0131103s9999 xx 000 0 und d aLoreto College aEnglish a920bBOO-COL aCollier, Richard 4aThe General Next to Godb the story of William Booth and Salvation Army cRichard Collier aLondonbFontana Booksc1968 a285 p.  aIncludes bibliographical references and index aBooth,William aBiography aLCLIB cBK c12353d62832 00102ddc4070aMAINbMAINd2013-11-04l0o920 BOO-COL 16302pB12265r2013-11-04w2013-11-04yBKf